Online
Catalog

Hai Q Ram : (Record no. 33087)

MARC details
000 -CABECERA
campo de control de longitud fija 00548nam a2200169 a 4500
001 - NÚMERO DE CONTROL
campo de control 000033596
005 - FECHA Y HORA DE LA ÚLTIMA TRANSACCIÓN
campo de control 20200930070356.0
008 - DATOS DE LONGITUD FIJA--INFORMACIÓN GENERAL
campo de control de longitud fija 110901s1993 dr 000 0 spa d
040 ## - FUENTE DE LA CATALOGACIÓN
Centro catalogador/agencia de origen DO-SdBNP
Lengua de catalogación spa
Centro/agencia transcriptor BNPHU
049 ## - FONDOS LOCALES (OCLC)
Fondos de biblioteca BNPD
100 1# - ENTRADA PRINCIPAL--NOMBRE DE PERSONA
Nombre de persona Abreu Mejía, Rafael
9 (RLIN) 24336
245 10 - MENCIÓN DE TÍTULO
Título Hai Q Ram :
Resto del título la poesía el servicio de la comunicación espiritual /
Mención de responsabilidad, etc. Rafael Abreu Mejía.
260 ## - PUBLICACIÓN, DISTRIBUCIÓN, ETC.
Lugar de publicación, distribución, etc. [Santo Domingo]:,
Fecha de publicación, distribución, etc. 1993.
300 ## - DESCRIPCIÓN FÍSICA
Extensión 26 p. ;
Dimensiones 23 cm.
490 1# - MENCIÓN DE SERIE
Mención de serie Cuadernos populares de poesía
Designación de volumen o secuencia 3
830 #0 - PUNTO DE ACCESO ADICIONAL DE SERIE-TÍTULO UNIFORME
Título uniforme Cuadernos populares de poesía
Designación de volumen o secuencia 3
9 (RLIN) 24337
Holdings
Estado de retiro Estado de pérdida Restricciones de uso No para préstamo Código de colección Localización permanente Ubicación/localización actual Ubicación en estantería Fecha de adquisición Número de inventario Total de préstamos Signatura topográfica completa Código de barras Fecha visto por última vez Número de copia Precio válido a partir de Tipo de ítem Koha Nota pública
        Dominicana de Servicio General General Depósito 05.08.2015 LF1   33596-30 25.06.2020 e. 3 25.06.2020 Libro y Folleto Colección Dominicana de Servicio  
      Excluido de préstamo Patrimonio Dominicano Patrimonio Dominicano Patrimonio Dominicano Depósito 25.05.2015 LF1   33596-20 25.06.2020 e. 2 25.06.2020 Libro y Folleto Colección Patrimonio Dominicano Perteneció a la biblioteca personal de Chiqui Vicioso / Fidelio Despradel.
      Excluido de préstamo Raros y valiosos Patrimonio Dominicano Patrimonio Dominicano Depósito 01.09.2011 LF1   33596-10 25.06.2020   25.06.2020 No se presta Perteneció a la biblioteca personal de Juan Isidro Jimenes Grullón.

Powered by Koha